Cartas íntimas / (Record no. 184410)

MARC details
000 -LEADER
campo de control de longitud fija 00438nam a2200145 i 4500
001 - NÚMERO DE CONTROL
campo de control 184410
003 - IDENTIFICADOR DE NÚMERO DE CONTROL
campo de control ES-MaACL
005 - FECHA Y HORA DE LA ÚLTIMA TRANSACCIÓN
campo de control 20230906222204.0
008 - DATOS DE LONGITUD FIJA--INFORMACIÓN GENERAL
campo de control de longitud fija 150820s1906 sp |||| | spa d
245 00 - MENCIÓN DEL TÍTULO
Título Cartas íntimas /
Mención de responsabilidad, etc. prólogo de Vicente Casanova.
260 ## - PUBLICACIÓN, DISTRIBUCIÓN, ETC.
Lugar de publicación, distribución, etc. Madrid :
Nombre del editor, distribuidor, etc. [s.n.],
Fecha de publicación, distribución, etc. 1906 (
Fabricante Imp. R. Velasco)
300 ## - DESCRIPCIÓN FÍSICA
Extensión 274 p. ;
Dimensiones 20 cm.
500 ## - NOTA GENERAL
Nota general Subtítulo en la cubierta: Sociología vulgar.
852 ## - LOCALIZACIÓN
Ubicación ES-MaACL
Número de control de estantería G-11125
Holdings
Estatus retirado Estado de pérdida Estado de daño No para préstamo Biblioteca de origen Biblioteca actual Ubicación en estantería Fecha de adquisición Fuente de adquisición Total de préstamos Signatura topográfica completa Código de barras Visto por última vez Precio de reemplazo Tipo de ítem Koha
        Biblioteca del Ateneo de Madrid Biblioteca del Ateneo de Madrid Sala Pecera Planta 3 20/08/2015     G-11125 1194051 23/02/2023 23/02/2023 Libro impreso